| 000 | 00980nam a22002297a 4500 | ||
|---|---|---|---|
| 005 | 20240814174523.0 | ||
| 008 | s2537 th tha d | ||
| 040 | _aNALT | ||
| 041 | _atha | ||
| 100 | 0 | _aธีระพล อรุณะกสิกร | |
| 245 | 1 | 0 | _aพระราชบัญญัติเงินทดแทน พ.ศ.2537 |
| 260 | 3 |
_aกรุงเทพฯ _c2537 |
|
| 300 |
_a90 หน้า : _b ตาราง ; _c 21 ซม. |
||
| 650 | 0 | 4 | _aค่าทดแทน -- กฎหมายและระเบียบข้อบังคับ |
| 650 | 0 | 4 | _aเงินทดแทน -- กฎหมายและระเบียบข้อบังคับ |
| 650 | 0 | 4 | _aเงินทดแทน (พ.ร.บ.) -- 2537 |
| 700 | 0 | _aธีระพล อรุณะกสิกร | |
| 850 | _aNALT | ||
| 942 |
_cLB _2lcc |
||
| 999 |
_c17614 _d17614 |
||
| 998 |
_j25 _k นีลวัสน์ อินทรักษา |
||
| 090 | _aKM44 ธ667พ 2537 | ||